00625nam a22002051a 450000500170000000800410001702000090005804000260006705000150009308200150010810000330012324500430015626000510019930000220025050000580027260000270033060000220035770000370037985200030041620110718133351.0091005s nyu 001 0 eng d c0.00 aNEGST Library - Kenya 4aBS 325.I390 aBS 325.I391 aInternational Bible Society.10aOgba-ndzu ophungu, shi l'eka nchileke. aNew York :bNew York International B,c[?1980] a687 p. : ill., m. a"The New Testament in Ikwo." - T.p. verso. [Africana]10aIkwo language - Texts.10aBible. N.T. Ikwo.1 aNigeria Bible Translation Trust.